000 00324 a2200157 4500
001 61280
020 _a8587013394
040 _cAnchieta - Pituba
100 _aAmorim, Gabriel Pires de
240 1 0 _aKung Fu
_lpor
245 1 0 _aKung Fu
300 _a152
362 0 _a2004
650 4 _aEsportes de combate
942 _cBK
999 _c61280
_d61280